| 000 | 00558nam a2200217 a 4500 | ||
|---|---|---|---|
| 999 |
_c4633 _d4633 |
||
| 001 | 4633 | ||
| 003 | BD-JhCC | ||
| 005 | 20180718202806.0 | ||
| 008 | 171129s19531962bg a|||| ||a| 000 0 eng d | ||
| 035 | _a(BD-JhCC)4633 | ||
| 040 |
_aBD-JhCC _dBD-JhCC |
||
| 041 | _aeng | ||
| 082 |
_a330.9 _bKHA 1953 |
||
| 100 | _aKhan, F. Karim | ||
| 245 |
_aAn introduction to Economic Geography / _cF. Karim Khan |
||
| 260 |
_aDacca : _bNew Age Publications, _c1953. |
||
| 300 |
_a622 p. : _c21 cm. |
||
| 650 | _aEconomic Geography | ||
| 942 |
_2ddc _cBK |
||